000 00345nam a2200145 i 4500
001 bg
100 1 _aKURZAWA, Stanisław
245 0 _aLiniowe obwody elektryczne /
_cStanisław Kurzawa.
250 _aWyd.2 popr.
260 _aWarszawa,
_c1974.
040 _cBPK
041 _apol
942 _cKS
008 s pl f |000 0 pol
999 _c26134
_d26134
856 _uhttp://koha.tu.koszalin.pl/cgi-bin/koha/opac-detail.pl?biblionumber=26134
_yKatalog online BPK